The history of the jews in the Netherlands / edited by J.C.H. Blom, R.G. Fuks-Mansfeld, I. Schöffer ; translated by Arnold J. Pomerans and Erica Pomerans
Record details
- ISBN: 1-874774-51-X
- Physical Description: 508 s., [52] s. obr. příl.
- Publisher: Oxford : <<The>> Littman Library of Jewish Civilization, 2002
Content descriptions
| Bibliography, etc. Note: | Obsahuje bibliografii a rejstřík |
Search for related items by series
Available copies
- 1 of 1 copy available at Common Catalog SPOK.
Holds
- 0 current holds with 1 total copy.
Show All Copies
| Location | Call Number / Copy Notes | Barcode | Shelving Location | Status | Due Date |
|---|---|---|---|---|---|
| Terezin Initiative Institute | 5124 | 4594305124 | Knihovna ITI | Available | - |
| LDR | 01084nam a2200301 a 4500 | ||
|---|---|---|---|
| 001 | 27640 | ||
| 003 | CZ-PrJAB | ||
| 005 | 20221102103538.0 | ||
| 008 | 031113s2002 xxk gr 0 eng | ||
| 020 | . | ‡a1-874774-51-X | |
| 035 | . | ‡a(CONS)2461 | |
| 035 | . | ‡a(CZ PrSKC)zmp000020429 | |
| 040 | . | ‡aABE323 ‡bcze | |
| 041 | 1 | . | ‡aeng ‡hdut |
| 080 | . | ‡a296 | |
| 245 | 0 | 4. | ‡aThe history of the jews in the Netherlands / ‡cedited by J.C.H. Blom, R.G. Fuks-Mansfeld, I. Schöffer ; translated by Arnold J. Pomerans and Erica Pomerans |
| 260 | . | ‡aOxford : ‡b<<The>> Littman Library of Jewish Civilization, ‡c2002 | |
| 300 | . | ‡a508 s., [52] s. obr. příl. | |
| 490 | 1 | . | ‡aThe Littman Library of Jewish Civilization |
| 504 | . | ‡aObsahuje bibliografii a rejstřík | |
| 700 | 1 | . | ‡aBlom, J. C. H. ‡4com |
| 700 | 1 | . | ‡aFuks-Mansfeld, R. G. ‡4com |
| 700 | 1 | . | ‡aPomerans, Arnold J. ‡4trl |
| 700 | 1 | . | ‡aPomerans, Erica ‡4trl |
| 700 | 1 | . | ‡aSchöffer, I. ‡4com |
| 830 | 4. | ‡aThe Littman Library of Jewish Civilization | |
| 852 | 4 | . | ‡bJACH-ITI ‡bJACH-ITI ‡cKnihovna ITI ‡j5124 ‡p5124 ‡y$0.00 |
| 910 | . | ‡aABE340 ‡b5124 | |
| 995 | . | ‡askok | |
| 901 | . | ‡a27640 ‡bISxN ‡c27640 ‡tbiblio | |